La insurrección solitaria /

Salvato in:
Dettagli Bibliografici
Autore principale: Martínez Rivas, Carlos, 1924-
Natura: Sconosciuto
Pubblicazione: San José, Costa Rica : EDUCA, 1973.
Edizione:2 edición
Serie:(Colección Séptimo Día :
Soggetti:
Tags: Aggiungi Tag
Nessun Tag, puoi essere il primo ad aggiungerne!!

MARC

LEADER 000000000a22000000004500
001 001635
082 0 4 |a N861.4   |b M385-i2 
100 1 |a Martínez Rivas, Carlos,   |d 1924- 
245 1 3 |a La insurrección solitaria /   |c Carlos Martínez Rivas. 
250 |a 2 edición 
260 1 |a San José, Costa Rica :   |b EDUCA,   |c 1973. 
300 |a 172 páginas 
490 1 |a (Colección Séptimo Día :   |b Serie Mayor) 
650 4 |a LITERATURA NICARAGUENSE 
650 4 |a POESIA 
999 |c 8335  |d 8335 
942 |c BK  |h N861.4 M385-i2  |2 z